| 000 | 00872nam a22002177a 4500 | ||
|---|---|---|---|
| 005 | 20180224141439.0 | ||
| 010 | _aB-663937 | ||
| 020 |
_a9788192567600 _c240.00 |
||
| 035 | _aB-663937 | ||
| 037 |
_adpl _bPansy Books/Ven |
||
| 037 | _aDBAD/PUB | ||
| 082 | _a488.24076 | ||
| 100 | _aThakkar,Parthesh | ||
| 245 |
_aThe ultimate guide to IELTS writing : _bthe only book with IELTS writing band descriptors / _cby Parthesh Thakkar |
||
| 260 |
_aAhmedabad _bAuthor _c2016 |
||
| 270 |
_aB/1,First Floor,Arjun Tower,Shivranjani Cross Road,Satellite _bAhmedabad _e380015 |
||
| 300 |
_a367p. : _bill. _c24cm(pbk) |
||
| 500 | _aInclude Index and Acknowledgements | ||
| 942 |
_2ddc _cEN _mTHA _h488.24076 |
||
| 999 |
_c150150 _d150150 |
||